<?xml version="1.0" encoding="UTF-8"?><?xml-stylesheet type="text/xsl" href="static/style.xsl"?><OAI-PMH xmlns="http://www.openarchives.org/OAI/2.0/" xmlns:xsi="http://www.w3.org/2001/XMLSchema-instance" xsi:schemaLocation="http://www.openarchives.org/OAI/2.0/ http://www.openarchives.org/OAI/2.0/OAI-PMH.xsd"><responseDate>2026-04-17T14:36:23Z</responseDate><request verb="GetRecord" identifier="oai:www.recercat.cat:10230/44601" metadataPrefix="marc">https://recercat.cat/oai/request</request><GetRecord><record><header><identifier>oai:recercat.cat:10230/44601</identifier><datestamp>2025-12-13T21:23:33Z</datestamp><setSpec>com_2072_6</setSpec><setSpec>col_2072_452952</setSpec></header><metadata><record xmlns="http://www.loc.gov/MARC21/slim" xmlns:dcterms="http://purl.org/dc/terms/" xmlns:xsi="http://www.w3.org/2001/XMLSchema-instance" xmlns:doc="http://www.lyncode.com/xoai" xsi:schemaLocation="http://www.loc.gov/MARC21/slim http://www.loc.gov/standards/marcxml/schema/MARC21slim.xsd">
   <leader>00925njm 22002777a 4500</leader>
   <datafield ind2=" " ind1=" " tag="042">
      <subfield code="a">dc</subfield>
   </datafield>
   <datafield ind2=" " ind1=" " tag="720">
      <subfield code="a">Codina, Lluís</subfield>
      <subfield code="e">author</subfield>
   </datafield>
   <datafield ind2=" " ind1=" " tag="260">
      <subfield code="c">2020-05-19T10:38:00Z</subfield>
   </datafield>
   <datafield ind2=" " ind1=" " tag="260">
      <subfield code="c">2020-05-19T10:38:00Z</subfield>
   </datafield>
   <datafield ind2=" " ind1=" " tag="260">
      <subfield code="c">2020-05</subfield>
   </datafield>
   <datafield ind2=" " ind1=" " tag="520">
      <subfield code="a">Informe sobre las características generales de las revisiones bibliográficas sistematizadas y su fundamento en las revisiones sistemáticas. Presentación de los fases principales de una revisión sistemática y su adaptación a las revisiones sistematizadas para Ciencias Humanas y Sociales. Presentación del Framework ReSiste-CSH para revisiones bibliográficas destinadas a estados de la cuestión como parte de trabajos de final de máster, tesis doctorales y memorias de solicitud de proyectos. Descripción detallada de las cuatro fases principales de una revisión bibliográfica sistematizada: Búsqueda, Evaluación, Análisis y Síntesis. Consideraciones y propuestas sobre la presentación final de la revisión o del estado de la cuestión.</subfield>
   </datafield>
   <datafield ind2=" " ind1=" " tag="520">
      <subfield code="a">Report on the general characteristics of systematic literature reviews and their basis in systematic reviews. Presentation of the main phases of a systematic review and its adaptation to systematized reviews for Humanities and Social Sciences. Presentation of the ReSiste-CSH Framework for literature reviews to construct state/s of the art as part of master’s final projects, doctoral theses and research project reports. Detailed description of the four main phases of a systematized literature review: Search, Evaluation, Analysis and Synthesis. Considerations and proposals on the final presentation of the review or the states of art.</subfield>
   </datafield>
   <datafield ind2=" " ind1=" " tag="520">
      <subfield code="a">Informe sobre les característiques generals de les revisions bibliogràfiques sistematitzades i el seu fonament en les revisions sistemàtiques. Presentació dels fases principals d’una revisió sistemàtica i la seva adaptació a les revisions sistematitzades per a Ciències Humanes i Socials. Presentació del Framework resisteix-CSH per revisions bibliogràfiques destinades a estats de la qüestió com a part de treballs de final de màster, tesis doctorals i memòries de sol·licitud de projectes. Descripció detallada de les quatre fases principals d’una revisió bibliogràfica sistematitzada: Recerca, Avaluació, Anàlisi i Síntesi. Consideracions i propostes sobre la presentació final de la revisió o de l’estat de la qüestió.</subfield>
   </datafield>
   <datafield tag="653" ind2=" " ind1=" ">
      <subfield code="a">Revisiones sistemáticas</subfield>
   </datafield>
   <datafield tag="653" ind2=" " ind1=" ">
      <subfield code="a">Revisiones sistematizadas</subfield>
   </datafield>
   <datafield tag="653" ind2=" " ind1=" ">
      <subfield code="a">Revisiones bibliográficas</subfield>
   </datafield>
   <datafield tag="653" ind2=" " ind1=" ">
      <subfield code="a">Framewok SALSA</subfield>
   </datafield>
   <datafield tag="653" ind2=" " ind1=" ">
      <subfield code="a">Framework ReSiste-CHS</subfield>
   </datafield>
   <datafield tag="653" ind2=" " ind1=" ">
      <subfield code="a">Estados de la cuestión</subfield>
   </datafield>
   <datafield tag="653" ind2=" " ind1=" ">
      <subfield code="a">Tesis doctorales</subfield>
   </datafield>
   <datafield tag="653" ind2=" " ind1=" ">
      <subfield code="a">Systematic reviews</subfield>
   </datafield>
   <datafield tag="653" ind2=" " ind1=" ">
      <subfield code="a">Systematized reviews</subfield>
   </datafield>
   <datafield tag="653" ind2=" " ind1=" ">
      <subfield code="a">Literature reviews</subfield>
   </datafield>
   <datafield tag="653" ind2=" " ind1=" ">
      <subfield code="a">States of the art</subfield>
   </datafield>
   <datafield tag="653" ind2=" " ind1=" ">
      <subfield code="a">Doctoral theses</subfield>
   </datafield>
   <datafield tag="653" ind2=" " ind1=" ">
      <subfield code="a">Revisions sistemàtiques</subfield>
   </datafield>
   <datafield tag="653" ind2=" " ind1=" ">
      <subfield code="a">Revisions sistematitzades</subfield>
   </datafield>
   <datafield tag="653" ind2=" " ind1=" ">
      <subfield code="a">Revisions bibliogràfiques</subfield>
   </datafield>
   <datafield tag="653" ind2=" " ind1=" ">
      <subfield code="a">Framework resisteix-CHS</subfield>
   </datafield>
   <datafield tag="653" ind2=" " ind1=" ">
      <subfield code="a">Estats de la qüestió</subfield>
   </datafield>
   <datafield tag="653" ind2=" " ind1=" ">
      <subfield code="a">Tesis doctorals</subfield>
   </datafield>
   <datafield ind2="0" ind1="0" tag="245">
      <subfield code="a">Revisiones bibliográficas sistematizadas en Ciencias Humanas y Sociales. 1: Fundamentos</subfield>
   </datafield>
   <datafield ind2="0" ind1="0" tag="245">
      <subfield code="a">Bibliographic systematized reviews in Human and Social Sciences. First part: Fundamentals</subfield>
   </datafield>
   <datafield ind2="0" ind1="0" tag="245">
      <subfield code="a">Revisions bibliogràfiques sistematitzades en Ciències Humanes i Socials. Primera part: Fonament</subfield>
   </datafield>
</record></metadata></record></GetRecord></OAI-PMH>